000 00826nam a2200253 i 4500
001 13803
003 ES-MaACL
005 20230906150651.0
007 t|
008 980707s1986 it ||||1| ita d
080 _a929 Manzoni, Alessandro
080 _a821.131.1-6"18"
100 1 _aManzoni, Alessandro.
_976238
245 1 0 _aTutte le lettere /
_cAlessandro Manzoni ; a cura di Cesare Arieti ; con un'aggiunta di lettere inedite o disperse a cura di Dante Isella.
260 _aMilano :
_bAdelphi,
_c1986.
300 _a3 v. ;
_c21 cm.
490 1 _aClassici ;
_v50
600 1 4 _aManzoni, Alessandro-
_xCorrespondencia.
_976239
700 1 _aArieti, Cesare.
_922824
700 1 _aIsella, Dante.
_965552
830 0 _aClassici ;
_v50
_9228460
852 _aES-MaACL
_jL-21125-7
_bR.122809
999 _c13803
_d13803